Finance of foreign trade / (Record no. 20300)
[ view plain ]
| 000 -LEADER | |
|---|---|
| fixed length control field | 00771nam a2200289 a 4500 |
| 001 - CONTROL NUMBER | |
| control field | 20300 |
| 003 - CONTROL NUMBER IDENTIFIER | |
| rucl marc code | BD-RjUL |
| 005 - DATE AND TIME OF LATEST TRANSACTION | |
| control field | 20211209000539.0 |
| 008 - FIXED-LENGTH DATA ELEMENTS--GENERAL INFORMATION | |
| fixed length control field | 140227s1981 enk 001 0 eng |
| 020 ## - INTERNATIONAL STANDARD BOOK NUMBER | |
| International Standard Book Number | 0273360183 |
| International Standard Book Number | 9780273360186 |
| 035 ## - SYSTEM CONTROL NUMBER | |
| System control number | (BD-RjUL)20362 |
| 040 ## - CATALOGING SOURCE | |
| Original cataloging agency | DLC |
| Transcribing agency | DLC |
| Modifying agency | DLC |
| -- | BD-RjUL |
| Language of cataloging | eng |
| 041 ## - LANGUAGE CODE | |
| Language code of text/sound track or separate title | eng |
| 082 00 - DEWEY DECIMAL CLASSIFICATION NUMBER | |
| Classification number | 332.45 |
| Edition number | 19 |
| Author mark and year | WHF 1981 |
| 100 1# - MAIN ENTRY--PERSONAL NAME | |
| Personal name | Whiting, D. P. |
| 9 (RLIN) | 12676 |
| 245 10 - TITLE STATEMENT | |
| Title | Finance of foreign trade / |
| Statement of responsibility, etc. | D.P. Whiting. |
| 250 ## - EDITION STATEMENT | |
| Edition statement | 5th ed. |
| 260 ## - PUBLICATION, DISTRIBUTION, ETC. (IMPRINT) | |
| Place of publication, distribution, etc. | London : |
| Name of publisher, distributor, etc. | M & E Handbooks, |
| Date of publication, distribution, etc. | 1981. |
| 300 ## - PHYSICAL DESCRIPTION | |
| Pagination | 171 p. ; |
| Size | 18 cm. |
| 500 ## - GENERAL NOTE | |
| General note | Includes index. |
| 650 #0 - SUBJECT ADDED ENTRY--TOPICAL TERM | |
| Topical term or geographic name as entry element | Foreign exchange. |
| 9 (RLIN) | 62576 |
| Topical term or geographic name as entry element | International finance. |
| 9 (RLIN) | 62577 |
| 942 ## - ADDED ENTRY ELEMENTS (KOHA) | |
| Source of classification or shelving scheme | Dewey Decimal Classification |
| Koha item type | Books |
| Lost status | Source of classification or shelving scheme | Damaged status | Not for loan | Collection code | Permanent Location | Current Location | Shelving location | Date acquired | Source of acquisition | Cost, normal purchase price | Total Checkouts | Full call number | Date last seen | Copy number | Koha item type |
|---|---|---|---|---|---|---|---|---|---|---|---|---|---|---|---|
| Dewey Decimal Classification | Non-fiction | Central Library, University of Rajshahi | Central Library, University of Rajshahi | 11/09/1983 | Tulip | 48.08 | 332.45 WHF 1981 | 27/02/2014 | C-3 | Books | |||||
| Dewey Decimal Classification | Not For Loan | Non-fiction | Central Library, University of Rajshahi | Central Library, University of Rajshahi | Reading Room | 11/09/1983 | Tulip Enterprise , Dhaka | 48.03 | 332.45 WHF 1981 | 11/02/2020 | C-1 | Books |